| 000 | 00448pab a2200157 454500 | ||
|---|---|---|---|
| 008 | 180718b xxu||||| |||| 00| 0 eng d | ||
| 100 | _aRazzaque M.A. | ||
| 245 | _aUrbanisation and ageing in Bangladesh | ||
| 362 | _a40(1), 1994, p.44-48 | ||
| 650 | _a Urbanisation -- Bangladesh | ||
| 650 | _a Population -- Bangladesh | ||
| 650 | _aSocial Security -- Bangladesh | ||
| 700 | _aSatter M.A. | ||
| 773 | _aJournal of Family Welfare | ||
| 909 | _a27612 | ||
| 999 |
_c27612 _d27612 |
||